000 01057nam a2200253Ia 4500
003 OSt
005 20200715151340.0
008 191128s2014 ck fr 000 0dspa d
020 _a9789585834002
040 _aCO-JMCR
_cCO-JMCR
041 0 _aspa
082 0 4 _a338.604809861 /
_bM843c
_223
100 1 _aMoreno Cano, Óscar,
_eautor
_97311
245 1 0 _aColombia a salvo :
_bdel precipicio minero petrolero dos soluciones /
_cÓscar Moreno Cano
250 _aPrimera edición
260 _aBogotá :
_bEditorial Masvission,
_c2014
300 _a122 páginas ;
_c21 cm.
500 _aIncluye datos biográficos del autor en solapa.
505 0 _aSeremos ricos: el país del bienestar general -- El peligroso campo del espejismo: la ruta al rico país del egoísmo, la pobreza y la violencia -- ¿Estamos preparados para esta herencia? -- Nada que hacer, vamos a ser ricos y no hay cómo evitarlo.
650 1 4 _aCompetitividad
_zColombia
_97308
650 1 4 _aDesempeño económico
_93961
650 1 4 _aProductos competitivos
_97312
942 _2ddc
_cBK
999 _c3392
_d3392